Vibrant hues/ (Record no. 9935)
[ view plain ]
| 000 -LEADER | |
|---|---|
| fixed length control field | 00627cam a2200217ua 4500 |
| 005 - DATE AND TIME OF LATEST TRANSACTION | |
| control field | 20220919153927.0 |
| 008 - FIXED-LENGTH DATA ELEMENTS--GENERAL INFORMATION | |
| fixed length control field | 190801n ii |||gr||||Z||||||eng |
| 020 ## - INTERNATIONAL STANDARD BOOK NUMBER | |
| International Standard Book Number | 9780190121358 |
| 040 ## - CATALOGING SOURCE | |
| Transcribing agency | MAIN |
| Original cataloging agency | IN-DiNC |
| 041 ## - LANGUAGE CODE | |
| Language code of sung or spoken text | English |
| 082 ## - DEWEY DECIMAL CLASSIFICATION NUMBER | |
| Classification number | 808 |
| Item number | BOR |
| 100 ## - MAIN ENTRY--PERSONAL NAME | |
| Personal name | Bordoloi, Mridul |
| Relator term | Author |
| 245 ## - TITLE STATEMENT | |
| Title | Vibrant hues/ |
| Statement of responsibility, etc. | By Mridul Bordoloi and Pratik Chowdhury/ |
| 250 ## - EDITION STATEMENT | |
| Edition statement | 1st ed. |
| 260 ## - PUBLICATION, DISTRIBUTION, ETC. | |
| Place of publication, distribution, etc. | New Delhi: |
| Name of publisher, distributor, etc. | Oxford, |
| Date of publication, distribution, etc. | 2019. |
| 300 ## - PHYSICAL DESCRIPTION | |
| Extent | 119p. |
| 650 ## - SUBJECT ADDED ENTRY--TOPICAL TERM | |
| Topical term or geographic name entry element | English prose and short stories for first semester |
| 700 ## - ADDED ENTRY--PERSONAL NAME | |
| Personal name | Chowdhury, Pratik |
| Relator term | Author |
| 942 ## - ADDED ENTRY ELEMENTS (KOHA) | |
| Koha item type | Books |
| Source of classification or shelving scheme | Dewey Decimal Classification |
| 653 ## - INDEX TERM--UNCONTROLLED | |
| Uncontrolled term | Rhetoric & collections of literature |
| Withdrawn status | Lost status | Damaged status | Not for loan | Home library | Current library | Shelving location | Date acquired | Total Checkouts | Full call number | Barcode | Date last seen | Date last checked out | Copy number | Price effective from | Koha item type | Source of classification or shelving scheme | Collection code | Cost, normal purchase price |
|---|---|---|---|---|---|---|---|---|---|---|---|---|---|---|---|---|---|---|
| Central Library, Naharkatiya College | Central Library, Naharkatiya College | General Stacks | 19/09/2020 | 9 | 808English text book | BOR | 28092 | 14/11/2022 | 17/08/2022 | 1 | 19/09/2020 | Books | |||||||
| Central Library, Naharkatiya College | Central Library, Naharkatiya College | General Stacks | 19/09/2020 | 6 | 808English text book | BOR | 28093 | 25/11/2023 | 17/11/2022 | 2 | 19/09/2020 | Books | |||||||
| Central Library, Naharkatiya College | Central Library, Naharkatiya College | General Stacks | 19/09/2020 | 808English text book | BOR | 28094 | 25/11/2020 | 3 | 19/09/2020 | Books | |||||||||
| Central Library, Naharkatiya College | Central Library, Naharkatiya College | General Stacks | 19/09/2020 | 808English text book | BOR | 28095 | 18/02/2021 | 4 | 19/09/2020 | Books | |||||||||
| Central Library, Naharkatiya College | Central Library, Naharkatiya College | General Stacks | 19/09/2020 | 808English text book | BOR | 28096 | 30/01/2023 | 5 | 19/09/2020 | Books | |||||||||
| Central Library, Naharkatiya College | Central Library, Naharkatiya College | General Stacks | 19/09/2022 | 5 | 808 BOR | 29099 | 10/12/2022 | 30/11/2022 | 6 | 19/09/2022 | Books | Dewey Decimal Classification | English | 100.00 | ||||
| Central Library, Naharkatiya College | Central Library, Naharkatiya College | General Stacks | 19/09/2022 | 3 | 808 BOR | 29100 | 07/12/2022 | 14/11/2022 | 7 | 19/09/2022 | Books | Dewey Decimal Classification | English | 100.00 | ||||
| Central Library, Naharkatiya College | Central Library, Naharkatiya College | General Stacks | 19/09/2022 | 1 | 808 BOR | 29101 | 07/12/2022 | 10/10/2022 | 8 | 19/09/2022 | Books | Dewey Decimal Classification | English | 100.00 |
